000 00328pab a2200145 454500
008 180718b2000 xxu||||| |||| 00| 0 eng d
100 _aNavalawala, B.N.
245 _aGround water over exploitation
260 _c2000
300 _ap.49-52,56
362 _aAug
650 _aGroundwater
773 _aYojana
909 _a45549
999 _c45549
_d45549